| 000 | 00405nam a2200145Ia 4500 | ||
|---|---|---|---|
| 008 | 220216s9999 xx 000 0 und d | ||
| 100 | _aNadarajah M | ||
| 245 | 0 | _aMineral content of unprocessed panel sraps | |
| 260 |
_bRubber Research Institute of Ceylon Quarterly Journal _c1964 |
||
| 300 | _a13-20 | ||
| 650 | _aMineral content | ||
| 650 | _aPanel scraps | ||
| 700 | _aVeerabangsa M T | ||
| 942 | _cJS | ||
| 999 |
_c62966 _d62966 |
||